000 00500cam a22002171 4500
001 sa 67003142
003 DLC
005 20260227112336.0
008 890425s1965 ii 000 1 beno
010 _asa 67003142
035 _a(OCoLC)19602040
040 _aDLC
_cWaU
_dDLC
042 _apremarc
050 0 0 _aPK1718.K3
_bP28
100 1 _aKara, Bimala,
_d1921-2003.
245 1 0 _aParabāsa.
260 _c[1965]
300 _a135 p.
_c23 cm.
500 _aIn Bengali.
500 _aA novel.
999 _c73654
_d73654